Biosynthesis of isoprenoid compounds /

Bibliographic Details
Other Authors: Porter, John W., 1915-1984, Spurgeon, Sandra L., 1947-
Format: Book
Language:English
Published: New York : Wiley, 1981-
Subjects:

MARC

Tag First Indicator Second Indicator Subfields
LEADER 00000cam a22000008a 4500
001 in00000071161
005 20151008062102.0
008 810112m19819999nyua b 00100 engm
010 |a  80028511  
020 |a 0471048070 
035 |a (OCoLC)07206522 
035 |9 AAJ9485AM 
039 0 |a 2  |b 3  |c 3  |d 3  |e 3 
040 |a DLC  |c DLC  |d m.c.  |d TXA  |d UtOrBLW 
049 |a TXAM  |v 1 [1195664] 
050 0 0 |a QP801.I76  |b B56 
082 0 |a 581.19/24  |2 19 
245 0 0 |a Biosynthesis of isoprenoid compounds /  |c edited by John W. Porter and Sandra L. Spurgeon. 
263 |a 8104 
264 1 |a New York :  |b Wiley,  |c 1981- 
300 |a volumes :  |b illustrations ;  |c 24 cm. 
336 |a text  |b txt  |2 rdacontent 
337 |a unmediated  |b n  |2 rdamedia 
338 |a volume  |b nc  |2 rdacarrier 
500 |a "A Wiley-Interscience publication." 
504 |a Includes bibliographical references and index. 
650 0 |a Isopentenoids  |x Synthesis. 
650 0 |a Biosynthesis. 
700 1 |a Porter, John W.,  |d 1915-1984. 
700 1 |a Spurgeon, Sandra L.,  |d 1947- 
999 |a MARS 
999 f f |s d407503d-b62f-3f9b-8dc1-08333ac3dad0  |i b5d71dfd-1079-3f80-bb1c-7f1d038d73a2  |t 0 
952 f f |p normal  |a Texas A&M University  |b College Station  |c Sterling C. Evans Library  |d Evans: Library Stacks  |t 0  |e QP801.I76 B56  |h Library of Congress classification  |i unmediated -- volume  |k v.1  |m A14806225883 
998 f f |a QP801.I76 B56  |s v.1  |t 0  |l Evans: Library Stacks